00760nam a2200217 a 450000100100000000500170001000800410002702000150006804000250008308200130010810000410012124500730016226000310023530000280026649000320029450500340032683000390036004900090039995201170040899900170052500002367320200930022403.0101218s1985 sp 001 0 spa d a8420511307 aDO-SdBNPbspacBNPHU ann*bnn*1 aGonzález de Buitrago, J. M.94877010aTécnicas de laboratorio clínico /cJ. M. González de Buitrago. aMadrid :bAlhambra,c1985. a187 p. :bil. ;c20 cm.1 aCiencias de la Enfermería0 aIncluye índice analítico. 0aCiencias de la Enfermería948771 aBNGR 001054708MOaGRbGRcCTd2010-12-18iLF1l0onn* nn*p23673-10r2020-06-25w2020-06-25y4ZPréstamo en sala c23169d23169